Filme der 80er nach Werbeslogans - Statistiken

Allgemein
  • Dieses Quiz wurde 23 mal gespielt
  • Das Durchschnittsergebnis liegt bei 6 aus 17
Antwortstatistiken
Jahr Slogan Film % Korrekt
1987 Liebeserklärung per Mambo – ein Tanzfilm aus den USA Dirty Dancing
74%
1989 Der Mann mit dem Hut ist zurück. Und diesmal bringt er seinen Vater mit. Indiana Jones und der letzte Kreuzzug
74%
1982 Er hat Angst. Er ist allein. Er ist 3 Millionen Lichtjahre von zu Hause entfernt. E.T. - Der Außerirdische
63%
1985 Er kam nie pünktlich zur Schule. Und immer zu spät zum Essen. Doch eines Tages kam er um Jahre zu früh... Zurück in die Zukunft
58%
1985 Kein Mensch, kein Gesetz, kein Krieg kann ihn stoppen Rambo II - Der Auftrag
47%
1987 Zwei Polizisten: Der eine trägt eine Waffe. Der andere ist eine... Lethal Weapon - Zwei stahlharte Profis
42%
1986 Er musste 450 Jahre leben, um seinen letzten Kampf zu liefern. Highlander - Es kann nur einen geben
32%
1987 Halb Mensch, halb Maschine, der Vollstrecker. RoboCop
26%
1988 Die Geschichte eines Mannes, einer Frau und eines Hasen in einem Dreieck der Leidenschaft. Falsches Spiel mit Roger Rabbit
21%
1984 Niedlich. Schlau. Boshaft. Intelligent. Gefährlich. Gremlins - Kleine Monster
21%
1986 Das erste Opfer des Krieges ist die Unschuld Platoon
21%
1987 Es tötet aus Lust – es jagt aus Passion. Aber dieses Mal jagt es das falsche Opfer. Predator
21%
1982 Noch nie war Film so atemberaubend neu! Menschen kämpfen gegen das tödliche Programm eines gigantischen Computers. Tron
16%
1984 Der Zauber der Musik... Der Wahnsinn der Eifersucht... Der Mord aus Haß... Das Genie und sein Todfeind... Amadeus
11%
1982 Sein Triumph veränderte die Welt für immer. Gandhi
11%
1987 Jahrtausende galt der Mensch als Krone der Schöpfung – Doch dann kam er! Otto - Der Neue Film
11%
1986 Sie glaubten an Gott und waren des Teufels. Der Name der Rose
5%
Keine übereinstimmenden Quizze gefunden
Verteilung der Resultate
Anzahl Personen mit jedem Resultat
Perzentil nach korrekt beantworteten Fragen
Ihre Resultats-Entwicklung
Sie haben dieses Quiz noch nicht gespielt